书目信息 |
| 题名: |
阐释与建构
|
|
| 作者: | 张言民 著 | |
| 分册: | ||
| 出版信息: | 北京 中国言实出版社 2014.6 |
|
| 页数: | 219页 | |
| 开本: | 24cm | |
| 丛书名: | ||
| 单 册: | ||
| 中图分类: | D925.113.4 | |
| 科图分类: | ||
| 主题词: | 证据--Zheng Ju--研究--中国 , 研究--Yan Jiu , 中国--Zhong Guo | |
| 电子资源: | ||
| ISBN: | 978-7-5171-0604-3 | |
| 000 | 00957nam0 22002651 450 | |
| 001 | 350592 | |
| 005 | 20161011152354.07 | |
| 010 | @a978-7-5171-0604-3@dCNY42.00 | |
| 100 | @a20141213d2014 em y0chiy50 ea | |
| 101 | 0 | @achi |
| 102 | @aCN@b110000 | |
| 105 | @ay z 000yy | |
| 106 | @ar | |
| 200 | 1 | @a阐释与建构@AChan Shi Yu Jian Gou@e非法证据排除规则@f张言民著 |
| 210 | @a北京@c中国言实出版社@d2014.6 | |
| 215 | @a219页@d24cm | |
| 330 | @a本书对刑事诉讼法中的非法证据排除规则相关的概念进行概述,阐释了非法证据排除规则的基础理论,基于理论的层面,对国外非法证据排除规则进行考察,以非法证据排除规则例外为视角,分析这些例外产生的背景和特定环境。 | |
| 517 | 1 | @a非法证据排除规则@AFei Fa Zheng Ju Pai Chu Gui Ze |
| 606 | 0 | @a证据@AZheng Ju@x研究@y中国 |
| 606 | 0 | @a研究@AYan Jiu |
| 606 | 0 | @a中国@AZhong Guo |
| 690 | @aD925.113.4@v5 | |
| 701 | 0 | @a张言民@AZhang Yan Min@4著 |
| 801 | 0 | @aCN@bTANGWEI@c20160804 |
| 905 | @b0890805-9@dD925.113.4@e591@f5 | |
| 阐释与建构:非法证据排除规则/张言民著.-北京:中国言实出版社,2014.6 |
| 219页;24cm |
| ISBN 978-7-5171-0604-3:CNY42.00 |
| 本书对刑事诉讼法中的非法证据排除规则相关的概念进行概述,阐释了非法证据排除规则的基础理论,基于理论的层面,对国外非法证据排除规则进行考察,以非法证据排除规则例外为视角,分析这些例外产生的背景和特定环境。 |
| ● |
| 相关链接 |
|
|
|
|
正题名:阐释与建构
索取号:D925.113.4/591
 
预约/预借
| 序号 | 登录号 | 条形码 | 馆藏地/架位号 | 状态 | 备注 |
| 1 | 0890805 | 208908057 | 第一样本阅览室/ [索取号:D925.113.4/591] | 在馆 | |
| 2 | 0890806 | 208908066 | 第一借阅区/ [索取号:D925.113.4/591] | 在馆 | |
| 3 | 0890807 | 208908075 | 第一借阅区/ [索取号:D925.113.4/591] | 在馆 | |
| 4 | 0890808 | 208908084 | 第一借阅区/ [索取号:D925.113.4/591] | 在馆 | |
| 5 | 0890809 | 208908093 | 密集书库-史法系/ [索取号:D925.113.4/591] | 在馆 |